Confessions, (Record no. 2068)

MARC details
000 -LEADER
fixed length control field 00880cam a22002291 4500
001 - CONTROL NUMBER
control field af 47003208
003 - CONTROL NUMBER IDENTIFIER
control field DLC
005 - DATE AND TIME OF LATEST TRANSACTION
control field 20260227110818.0
008 - FIXED-LENGTH DATA ELEMENTS--GENERAL INFORMATION
fixed length control field 751125s1946 fr 000 0 fre
010 ## - LIBRARY OF CONGRESS CONTROL NUMBER
LC control number af 47003208
035 ## - SYSTEM CONTROL NUMBER
System control number (OCoLC)1852484
040 ## - CATALOGING SOURCE
Original cataloging agency DLC
Transcribing agency F
Modifying agency DLC
050 00 - LIBRARY OF CONGRESS CALL NUMBER
Classification number PQ2464
Item number .A2 1946
100 1# - MAIN ENTRY--PERSONAL NAME
Personal name Verlaine, Paul,
Dates associated with a name 1844-1896
245 00 - TITLE STATEMENT
Title Confessions,
Remainder of title notes autobiographiques.
Statement of responsibility, etc. Preface de Leon Paul Fargue.
260 ## - PUBLICATION, DISTRIBUTION, ETC.
Place of publication, distribution, etc. Paris,
Name of publisher, distributor, etc. Editions du Bateau Ivre
Date of publication, distribution, etc. [1946]
300 ## - PHYSICAL DESCRIPTION
Extent 2 p. l., vii-xvii, [1] p. 1 l., 21-224, [2] p.
Dimensions 19 cm.
490 0# - SERIES STATEMENT
Series statement Collection Chefs d'euvre d'hier, dirigee par J. P. Dorian.
500 ## - GENERAL NOTE
General note At head of title: Paul Verlaine.
500 ## - GENERAL NOTE
General note "Ces Confessions ... parurent ... d'abord a la Librarie de Fin de siecle en 1895, puis a la Bibliotheque artistique et litteraire en 1897."
700 1# - ADDED ENTRY--PERSONAL NAME
Personal name Fargue, Léon-Paul,
Dates associated with a name 1876-1947.

No items available.

Powered by Koha